Διαιρετότητα και πρώτοι αριθμοί
Saved in:
| Main Author: | |
|---|---|
| Other Authors: | |
| Format: | Book |
| Language: | Greek |
| Published: |
Αθήνα :
Gutenberg,
1979.
|
| Subjects: | |
| Tags: |
Add Tag
No Tags, Be the first to tag this record!
|
MARC
| LEADER | 00000cam a2200000 i 4500 | ||
|---|---|---|---|
| 001 | 1/105165 | ||
| 008 | 090519s1979 gr | ||| |||| ||gre|| | ||
| 035 | |l 10104710 | ||
| 040 | |a GR-MyUA |b gre |e AACR2 | ||
| 041 | 0 | |a gre | |
| 082 | 0 | |a 512.72 |2 (22) | |
| 100 | 1 | |a Λάμπρου, Χρήστος Ι. | |
| 245 | 1 | 0 | |a Διαιρετότητα και πρώτοι αριθμοί / |c Χρ. Λάμπρου, Δημ. Κωσταράς. |
| 260 | |a Αθήνα : |b Gutenberg, |c 1979. | ||
| 300 | |a 101 σ. ; |c 24 εκ. | ||
| 500 | |a Για τις Πανελλήνιες της Β' Λυκείου. | ||
| 504 | |a Βιβλιογραφία: σ. [103]. | ||
| 505 | 0 | |a Θεωρία, παραδείγματα και 145 λυμένες ασκήσεις. | |
| 650 | 0 | 0 | |a Numbers, Prime. |
| 650 | 0 | 0 | |a Number theory. |
| 700 | 1 | |a Κωσταράς, Δημήτρης. | |
| 852 | |a INST |b SAMOS |c MAG |e 20090519 |h 512.72 ΛΑΜ |p 005300028740 |q 005300028740 |t BK |y 0 | ||
| 901 | |a BIBL3-2009-2 | ||
| 909 | |a Σ |b 157917 | ||
| 970 | |a ΣΙΤΖΙΜΗ |b ΓΙΑΣΕΜΗ |z 2009/05/19 | ||